| Tag |
First Indicator |
Second Indicator |
Subfields |
| LEADER |
00000cam a2200000 4500 |
| 001 |
in00000062005 |
| 005 |
20151008051110.0 |
| 008 |
721031s1957 eng u |
| 010 |
|
|
|a 57010142
|
| 035 |
|
|
|a (OCoLC)00480576
|
| 035 |
|
|
|9 AAG5717AM
|
| 040 |
|
|
|c CCL
|d TXA
|d UtOrBLW
|
| 049 |
|
|
|a TXAM
|c [283435]
|
| 090 |
|
|
|a BF21
|b .F2
|
| 092 |
|
|
|a 150.4
|b F165p
|
| 100 |
1 |
|
|a Fairchild, Johnson E.
|
| 245 |
1 |
0 |
|a Personal problems and psychological frontiers :
|b A Cooper Union forum.
|
| 264 |
|
1 |
|a New York :
|b Sheridan House,
|c [1957]
|
| 300 |
|
|
|a 320 pages ;
|c 22 cm.
|
| 336 |
|
|
|a text
|b txt
|2 rdacontent
|
| 337 |
|
|
|a unmediated
|b n
|2 rdamedia
|
| 338 |
|
|
|a volume
|b nc
|2 rdacarrier
|
| 650 |
|
0 |
|a Psychology.
|
| 740 |
2 |
|
|a A Cooper Union forum.
|
| 999 |
|
|
|a MARS
|
| 999 |
f |
f |
|s 1009b102-0da4-376a-9acd-457ebaffb87b
|i fec3a107-12ae-39ca-86eb-7e2e97df4f28
|t 0
|
| 952 |
f |
f |
|p ric
|a Texas A&M University
|b Rellis Campus
|c Joint Library Facility
|d Remote Storage
|t 0
|e BF21 .F2
|h Library of Congress classification
|i unmediated -- volume
|m A14800523534
|
| 998 |
f |
f |
|a BF21 .F2
|t 0
|l Remote Storage
|